| 000 | 00743 a2200193 4500 | ||
|---|---|---|---|
| 003 | Nust | ||
| 005 | 20170207154019.0 | ||
| 010 | _a 94048519 | ||
| 020 | _a0134335589 | ||
| 040 | _cNust | ||
| 082 | 0 | 0 | _a005.1 |
| 100 | 1 | _aParberry, Ian. | |
| 245 | 1 | 0 |
_aProblems on algorithms -(E-BOOK) _cIan Parberry. |
| 260 |
_aEnglewood Cliffs, N.J. : _bPrentice Hall, _cc1995. |
||
| 300 |
_ax, 179 p. : _bill. ; _c24 cm. |
||
| 505 | _aIntroduction (Page-1), Mathematical Induction (Page-8), Recurrence Relations (Page-37), Correctness Proofs (Page-46), Algorithm Analysis (Page-59), Divide And Conquer (Page-67), Dynamic Programming (Page-87), Greedy Algorithms (Page-101), Data Structures (Page-135). | ||
| 650 | 0 | _aComputer algorithms. | |
| 651 | _aE-BOOK | ||
| 942 |
_2ddc _cBK |
||
| 999 |
_c191606 _d191606 |
||